00635nam a2200241Ia 4500008004100000020001500041050000900056050001400065245005800079245002300137245003800160260001700198260002000215260000900235300001500244300002700259300001100286440001200297500002300309650001900332650001600351650002600367170203s9999 xx 000 0 und d a9628851535 a0 30 bIl29 2004 aIllustrated encyclopedia of science and nature : bthe human body I / cEducational Technologies limited. aHongkong :  bTime Life Asia, c2004 a79 pages : bcolor illustrations ;  c31 cm. vvol. 25 aIncludes glossary. aLife Sciences. aNavigation. aScience and nature.